| 000 | 00854nam a22002057a 4500 | ||
|---|---|---|---|
| 003 | OSt | ||
| 005 | 20170608093036.0 | ||
| 008 | 150408b xxu||||| |||| 00| 0 eng d | ||
| 040 | _cBMC | ||
| 082 | _a670.42 | ||
| 100 | 1 |
_934971 _aBurgos Gudiel, Natalia Melissa |
|
| 245 | 1 |
_aPasantía en AES CLESA y CIA S. en C. DE C.V. _b: Informe final _cNatalia Melissa Burgos Gudiel |
|
| 260 |
_aSanta Ana (El Salvador) _bUniversidad Católica de El Salvador _c2010 |
||
| 300 |
_a1 folleto (46 h.) _bil. _c28 cm _e+ 1 disco compacto |
||
| 500 | _aPrecede al tít.: Universidad Católica de El Salvador, Facultad de Ingeniería y Arquitectura | ||
| 502 | _aPara optar al título de: Ingeniero Industrial | ||
| 650 | 2 | 4 |
_919919 _aIngeniería industrial |
| 710 | 2 |
_91166 _aUniversidad Católica de El Salvador _bFacultad de Ingeniería y Arquitectura |
|
| 942 |
_2ddc _cTG |
||
| 999 |
_c21404 _d21404 |
||